Infinitesimalrechnung

Αποθηκεύτηκε σε:
Λεπτομέρειες βιβλιογραφικής εγγραφής
Κύριος συγγραφέας: Worle, Karl
Άλλοι συγγραφείς: Kratz, Johannes, Keil, Karl-August
Μορφή: Βιβλίο
Γλώσσα:German
Δημοσίευση: Munchen : Bayerischer Schulbuch-Verlag, 1974
Σειρά:Mathematik fur Gymnasien ; ; 7
Θέματα:
Ετικέτες: Προσθήκη ετικέτας
Δεν υπάρχουν, Καταχωρήστε ετικέτα πρώτοι!

MARC

LEADER 00000cam a2200000 i 4500
001 1/3050
008 100113s1974 ger d
020 |a 3-7627-3193-4 
035 |l 10106239 
040 |a GR-MY-UA  |b gre  |e aacr 
041 0 |a ger 
082 0 |a 515  |2 (22) 
100 1 |a Worle, Karl. 
245 1 0 |a Infinitesimalrechnung /  |c Karl Worle, Johannes Kratz, Karl-August Keil 
260 |a Munchen :   |b Bayerischer Schulbuch-Verlag,   |c 1974 
300 |a 335 σ.;  |b διαγρ.;  |c 23 εκ. 
490 1 |a Mathematik fur Gymnasien  |v ; 7 
504 |a Περιέχει ευρετήριο 
650 0 0 |a Calculus. 
700 1 |a Kratz, Johannes. 
700 1 |a Keil, Karl-August. 
830 0 |a Mathematik fur Gymnasien ;  |v ; 7 
852 |a INST  |b SAMOS  |c MAG  |e 20100113  |h 515 WOR  |p 005300028525  |q 005300028525  |t BK  |y 0 
901 |a BIBL3-2010-1 
909 |a Σ  |b 158118 
970 |a ΡΟΥΣΣΟΥ  |b ΚΩΝΣΤΑΝΤΙΝΑ  |z 2010/01/13